000
00331nam a2200145Ia 4500
008
150201s2007 xx 000 0 und d
082
_a
617
_b
G07K
100
_a
KIRK, R.M.
245
_a
GENERAL SURGICAL OPERATIONS
250
_a
5TH
260
_b
CHURCHILL
_a
LONDON
_c
2007
300
_a
1-724
650
_a
SURGERY
942
_2
ddc
_c
BK
999
_c
321
_d
321